000 00879cab a2200265 4500
001 WB2841-20
008 090401t1992 xxu||||| |||| 00| 0 eng d
035 _a(Sirsi) u43588
041 _aeng
245 _aUse the slump to rationalise
260 _c1992
350 _a0
490 _aTimes
_v21 October 1992, 36
490 _aChartered Surveyor Weekly
_v41(4) October 1992, 16(2)
520 _aA report by St Quintin calls for property companies to adopt a more proactive property management policy. Lease renewal and investment policy are amongst the key factors discussed.
650 _aOPERATIONAL PROPERTY ASSETS
650 _aPROPERTY ASSETS
650 _aProperty management
_96262
650 _aRATIONALISATION
650 _aRECESSION
650 _aST QUINTIN
690 _aPROPERTY-PROPERTY FINANCE AND INVESTMENT
942 _n0
948 _c04/03/1997
999 _c27782
_d27782